000 00831cab a2200253 4500
001 WB3407-11
008 090401t1998 xxu||||| |||| 00| 0 eng d
035 _a(Sirsi) u84335
041 _aeng
245 _aIndirect property investment
260 _c1998
350 _a0
490 _aProperty Week
_v61(6) 13 February 1998, 6(1)
520 _aA Richard Ellis/NOP survey of investors has found that nearly half intend to invest in property indirectly this year compared with 28% in 1997.
650 _aINDIRECT PROPERTY INVESTMENT
650 _aINTERNATIONAL INVESTORS
650 _aINVESTMENT MARKET
650 _aINVESTOR INTENTIONS
650 _aPROPERTY INVESTORS
650 _aSURVEY
690 _aPROPERTY-COMMERCIAL PROPERTY-COMMERCIAL PROPERTY FINANCE AND INVESTMENT
942 _n0
948 _c19/02/1998
999 _c52997
_d52997